LEADER 01274cam2 22003013 450 001 SOBE00028578 005 20231214093108.0 100 $a20121115d1992 |||||ita|0103 ba 101 $aita 102 $aIT 200 1 $a<<8: La >>dottrina cristiana$etesto latino dell'edizione maurina confrontato con il Corpus scriptorum ecclesiasticorum Latinorum$fSant'Agostino$gintroduzione generale di Mario Naldini...[et al.]$gtraduzione di Vincenzo Tarulli$gindici di Franco Monteverde 210 $aRoma$cCittà Nuova Editrice$d1992 215 $aXCV, 320 p.$cill.$d24 cm 300 $aNell'occhietto : Parte I: Opere esegetiche 461 1$1001SOBE00028516$12001 $aOpere di Sant'Agostino 700 1$aAugustinus$b, Aurelius $3AF00004539$4070$0152280 702 1$aMonteverde, Franco$3AF00018100$4070 702 1$aTarulli, Vincenzo$3SOBA00005186$4070 702 1$aNaldini, Mario$3SOBA00003836$4070 801 0$aIT$bUNISOB$c20231214$gRICA 850 $aUNISOB 852 $aUNISOB$j200|Coll|16|K$m97574 912 $aSOBE00028578 940 $aM 102 Monografia moderna SBN 941 $aM 957 $a200|Coll|16|K$b000008$gSI$d97574$1catenacci$2UNISOB$3UNISOB$420121115141422.0$520231214093108.0$6Spinosa 996 $aDottrina cristiana$9859327 997 $aUNISOB LEADER 01092nam0 22002531i 450 001 UON00323010 005 20231205104148.449 100 $a20090417d1969 |0itac50 ba 101 $aeng 102 $aBG 105 $a|||| 1|||| 200 1 $aˆ100 years ‰Bulgarian academic books 1869-1968$ecatalogue of the books and periodicals of the Bulgarian Academy of Sciences and the Academy of Agricultural Sciences in Bulgaria 210 $aSofija$cBulgarian Academy of Sciences$d1969 215 $a184 p.$d20 cm. 606 $aBULGARIA$xAccademia delle Scienze$3UONC071078$2FI 620 $aBG$dSofija$3UONL003208 676 $a949.9$cStoria della Bulgaria$v21 712 $aB?lgarska Akademija na Naukite$3UONV265845$4650 801 $aIT$bSOL$c20241213$gRICA 899 $aSIBA - SISTEMA BIBLIOTECARIO DI ATENEO$2UONSI 912 $aUON00323010 950 $aSIBA - SISTEMA BIBLIOTECARIO DI ATENEO$dSI BULGARO E 0243 $eSI EO 42036 7 0243 996 $aBulgarian academic books 1869-1968$91371980 997 $aUNIOR